00418nam a2200157Ia 450000500170000000800410001702000220005804100120008008200150009210000230010724500490013025000080017926000330018750000080022065000320022820240823023615.0240823s9999||||xx |||||||||||||| ||und|| a978-81-7800-147-0 aENGLISH A620.106 P8 aZoeb Husain et al. 0aBasic Fluid Mechanics and Hydraulic Machines a1st c2008b"BS Publications,Hyde" aYES aFluid MechanicsbMechanical